Pays du monde par ordre alphabétique - Statistiques

Statistiques générales
  • Ce quiz a été pris 1 187 fois
  • Le résultat moyen est 114 sur 196
Statistiques - réponses
Hint Réponse % Correct
1 Afghanistan
93%
3 Albanie
85%
4 Algérie
83%
2 Afrique du Sud
81%
5 Allemagne
81%
11 Arménie
78%
6 Andorre
77%
7 Angola
77%
12 Australie
77%
14 Azerbaïdjan
76%
10 Argentine
74%
13 Autriche
74%
8 Antigua-et-Barbuda
73%
19 Belgique
72%
15 Bahamas
71%
196 Zimbabwe
71%
17 Bangladesh
70%
21 Bénin
70%
9 Arabie saoudite
69%
16 Bahreïn
69%
18 Barbade
69%
20 Belize
69%
195 Zambie
69%
23 Biélorussie
67%
24 Birmanie
67%
27 Botswana
67%
35 Canada
67%
194 Yémen
67%
25 Bolivie
66%
39 Chine
66%
22 Bhoutan
65%
28 Brésil
65%
51 Danemark
65%
30 Bulgarie
64%
38 Chili
64%
45 Corée du Nord
64%
46 Corée du Sud
64%
26 Bosnie-Herzégovine
63%
32 Burundi
63%
33 Cambodge
63%
34 Cameroun
63%
52 Djibouti
63%
65 Finlande
63%
66 France
63%
29 Brunei
62%
31 Burkina Faso
62%
40 Chypre
62%
41 Colombie
62%
47 Costa Rica
62%
60 Estonie
62%
62 Etats-Unis
62%
67 Gabon
62%
74 Guinée
62%
75 Guinée-Bissau
62%
76 Guinée équatoriale
62%
191 Vatican
62%
192 Venezuela
62%
42 Comores
61%
43 Congo
61%
49 Croatie
61%
58 Erythrée
61%
63 Ethiopie
61%
64 Fidji
61%
79 Honduras
61%
81 Inde
61%
91 Jordanie
61%
36 Cap-Vert
60%
55 Egypte
60%
59 Espagne
60%
61 Eswatini
60%
80 Hongrie
60%
85 Irlande
60%
86 Islande
60%
90 Japon
60%
92 Kazakhstan
60%
94 Kirghizistan
60%
100 Lettonie
60%
54 Dominique
59%
56 Emirats arabes unis
59%
69 Géorgie
59%
70 Ghana
59%
73 Guatemala
59%
78 Haïti
59%
82 Indonésie
59%
83 Irak
59%
84 Iran
59%
87 Israël
59%
88 Italie
59%
89 Jamaïque
59%
93 Kenya
59%
105 Lituanie
59%
189 Uruguay
59%
190 Vanuatu
59%
57 Equateur
58%
68 Gambie
58%
77 Guyana
58%
98 Laos
58%
104 Liechtenstein
58%
193 Viêt Nam
58%
48 Côte d'Ivoire
57%
50 Cuba
57%
95 Kiribati
57%
101 Liban
57%
71 Grèce
56%
72 Grenade
56%
96 Kosovo
56%
97 Koweït
56%
102 Libéria
56%
103 Libye
56%
111 Maldives
56%
112 Mali
56%
125 Namibie
56%
106 Luxembourg
55%
108 Madagascar
55%
114 Maroc
55%
117 Mauritanie
55%
129 Niger
55%
130 Nigéria
55%
133 Oman
55%
134 Ouganda
55%
135 Ouzbékistan
55%
140 Paraguay
55%
146 Qatar
55%
44 République démocratique du Congo
55%
186 Turquie
55%
188 Ukraine
55%
99 Lesotho
54%
136 Pakistan
54%
137 Palaos
54%
185 Turkménistan
54%
187 Tuvalu
54%
107 Macédoine du nord
53%
110 Malawi
53%
116 Maurice
53%
121 Monaco
53%
123 Monténégro
53%
37 République centrafricaine
53%
150 Rwanda
53%
153 Saint-Marin
53%
167 Soudan
53%
109 Malaisie
52%
118 Mexique
52%
122 Mongolie
52%
124 Mozambique
52%
126 Nauru
52%
131 Norvège
52%
132 Nouvelle-Zélande
52%
138 Panama
52%
142 Pérou
52%
145 Portugal
52%
149 Russie
52%
154 Saint-Vincent-et-les-Grenadines
52%
164 Slovaquie
52%
165 Slovénie
52%
168 Soudan du Sud
52%
172 Suriname
52%
120 Moldavie
51%
127 Népal
51%
128 Nicaragua
51%
144 Pologne
51%
53 République dominicaine
51%
147 Roumanie
51%
151 Saint-Christophe-et-Niévès
51%
152 Sainte-Lucie
51%
156 Salvador
51%
174 Tadjikistan
51%
139 Papouasie-Nouvelle-Guinée
50%
141 Pays-Bas
50%
181 Togo
50%
182 Tonga
50%
184 Tunisie
50%
113 Malte
49%
157 Samoa
49%
162 Sierra Leone
49%
166 Somalie
49%
119 Micronésie
48%
170 Suède
48%
173 Syrie
48%
176 Tanzanie
48%
179 Thaïlande
48%
180 Timor oriental
48%
183 Trinité-et-Tobago
48%
115 Iles Marshall
47%
160 Serbie
47%
161 Seychelles
47%
171 Suisse
47%
175 Taiwan
47%
143 Philippines
46%
163 Singapour
46%
177 Tchad
46%
155 Iles Salomon
45%
158 Sao Tomé-et-Principe
45%
159 Sénégal
45%
148 Royaume-Uni
44%
169 Sri Lanka
44%
178 République tchèque
43%
Aucun quiz correspondant
Distribution des résultats
% des personnes avec chaque résultat
Percentile par nombre de réponses
Votre historique - résultats
Vous n’avez pas pris ce quiz